000 00419nam a22001697a 4500
003 MPLRDC
005 20220104114427.0
008 210129b ||||| |||| 00| 0 eng d
082 _a857.63 CKL v.23 c.3
100 _a岑凯伦
245 _a影子山庄
_c
250 _a再版
260 _a
_b环球图书杂志出版社
_c1991
300 _b
650 _a短篇小说--别集
942 _cBK
_o857.63 CKL v.23 c.3
999 _c7383
_d7373